Statistics for Mario Kart Series Items

Click here to take the quiz!

General Stats

  • This quiz has been taken 56 times
    (46 since last reset)
  • The average score is 30 of 37

Answer Stats

FunctionItem% Correct
Slips players when placed on the groundBanana
100%
A projectile that travels to the racer in front of youRed Shell
100%
Blows up when thrown near a playerBob-omb
96%
Turns the user invisible, and steals another racer’s itemBoo
96%
A basic projectile that shoot forwards in a straight lineGreen Shell
96%
Makes the user invincible and rockets them aheadBullet Bill
93%
Shrinks all other racersLightning
93%
Ruin first place’s day with thisSpiny Shell
93%
Makes you invincible and rainbowSuper Star
93%
Splashes ink onto the opponent’s screenBlooper
89%
Shoots a projectile that returns to the user up to 3 timesBoomerang Flower
89%
Shoots fireballsFire Flower
89%
Gives the user a speed boostMushroom
89%
A plant that eats other racers and itemsPiranha Plant
85%
The first answer, but giantGiant Banana
81%
Makes the user big, and can crush all opponentsMega Mushroom
81%
Homes in on racers, launching three random items when in contact; Birdo’s varientBirdo Egg
78%
Tricks your opponents into thinking they’ll be getting an item, only to stun them in the endFake Item Box
78%
Gives you a bunch of speed boostsGolden Mushroom
78%
Shoots five green and hot projectilesGreen Fireball
78%
Gives the user 7 individual items to useLucky 7
78%
Shoots five red-hot projectilesRed Fireball
78%
Three short speed boostsTriple Mushroom
78%
Three homing projectilesTriple Red Shell
78%
Homes in on racers, launching three random items when contact is made; Yoshi’s varientYoshi Egg
78%
A projectile that bounces of the walls 10 times before breakingBowser Shell
74%
Makes the user jump and steal a balloon in battle modeCape Feather
74%
Sends a shockwave the other racers that can be dodged with a well timed trickPow Block
74%
A cloud appears above you that will shrink you, can be passed to other playersThunder Cloud
74%
Three slippery obstaclesTriple Banana
74%
Three basic projectilesTriple Green Shell
74%
Latches onto the front of the kart for a bit and pulls it forwardsChain Chomp
70%
Summons 8 different items that spiral around the userCrazy 8
70%
Destroys the above itemSuper Horn
70%
Instead of picking up one of these off the ground, if you use this item you’ll get twoCoin
67%
Gives you a tail that can hit racers and obstacles awaySuper Leaf
67%
When activated, it will steal an item the user would’ve been hit byHeart
56%

Score Distribution

Percentile by Number Answered

Percent of People with Each Score

Your Score History

You have not taken this quiz since the last reset